| 000 | 00582nam a2200205 a 4500 | ||
|---|---|---|---|
| 005 | 20210223125155.0 | ||
| 008 | 031010s1973 mx r 000 0 spa d | ||
| 035 | _aUPN01000129944 | ||
| 049 | _aCG | ||
| 050 | 4 |
_aTT171 _bB3.38 |
|
| 100 | 1 | _aBauzen, P. | |
| 245 | 1 | 0 |
_aFlores prensadas / _cP. y S. Bauzen ; tr. Yolanda K. de Stock. |
| 260 |
_aBuenos Aires : _bKapelusz, _c1973. |
||
| 300 |
_a52 p. : _bil. |
||
| 440 | 0 |
_aCómo hacer ; _v51 |
|
| 650 | 4 |
_aLABORES FEMENINAS _912224 |
|
| 650 | 4 |
_aDECORACION Y ORNAMENTACION _9375 |
|
| 700 | 1 |
_aBauzen, S., _ecoaut. |
|
| 905 | _aLibro | ||
| 999 |
_c102101 _d102101 |
||